| 000 | 00478nam a2200181Ia 4500 | ||
|---|---|---|---|
| 008 | 220216s9999 xx 000 0 und d | ||
| 100 | _aPee T Y | ||
| 245 | 0 | _aTowards rational use of ethephon in Hevea | |
| 260 |
_bJournal of the Rubber Research Institute of Sri Lanka : Conference Proceedings _c1977 |
||
| 300 | _a173-186 | ||
| 650 | _aEthephon | ||
| 650 | _aHevea | ||
| 700 | _aKoh M H | ||
| 700 | _aLai M H | ||
| 700 | _aPng T C | ||
| 700 | _aYong H W | ||
| 942 | _cJS | ||
| 999 |
_c71417 _d71417 |
||